000 00643nam a2200193 i 4500
001 25834
003 ES-MaACL
005 20231222182426.0
007 t|
008 030103s1865 sp ||||1| spa d
100 1 _aArenal, Concepción,
_d1820-1893
_922591
245 1 0 _aCartas a los delicuentes /
_cConcepción Arenal.
260 _aCoruña :
_b[s.n.,
_c1865] (
_fMariano M. y Sancho)
300 _aX, 454 p. ;
_c15 x 10 cm.
530 _aDisponible en formato digital.
852 _aES-MaACL
_jD-3913
856 _uhttp://biblioteca.galiciana.gal/es/consulta/registro.cmd?id=4717
_zBiblioteca Dixital de Galicia
999 _c25834
_d25834